000 00579nam a2200241Ia 4500
005 20260306150401.0
008 008 260114s9999 xx 000 0 eng d
020 _a9783839466803
037 _aEbook
040 _aCRL
040 _beng
040 _cCRL
041 _2eng
041 _aeng
084 _qCRL
245 0 _aNarrating Experiences of Alzheimer's Through the Arts
260 _btranscript Verlag
260 _c2023
650 _aPhilosophy
856 _uhttps://www.degruyter.com/isbn/9783839466803
942 _cEBOOK
999 _c1696223
_d1696223